| 000 | 00747nam a2200229Ia 4500 | ||
|---|---|---|---|
| 003 | GCL | ||
| 008 | 140319s9999 xx 000 0 ara d | ||
| 040 |
_aGCL / _cGCL |
||
| 082 | 0 | 4 |
_a819 _bث ك |
| 100 | 1 | _aابراهيم صالح | |
| 245 | 1 | 0 |
_aكتاب التوفيق للتلفيق / _cابراهيم صالح |
| 700 | 1 | _aالثعالبى : ابومنصور عبدالملك بن محمد بن اسماعيل النيسابورى | |
| 260 |
_a[S.N] : _bمجمع اللغة العربية ، _c1983 |
||
| 300 | _a271 ص | ||
| 490 | _a | ||
| 650 | 0 | 4 | _aالادب العربى |
| 650 | 0 | 4 | _aاللغة العربية |
| 650 | 0 | 4 | _aالبلاغة العربية |
| 650 | 0 | 4 | _aالبديع |
| 650 | 0 | 4 | _aالجناس |
| 942 |
_2ddc _cBK |
||
| 999 |
_c35454 _d35454 |
||